| 000 | 00395nam a2200133 a 4500 | ||
|---|---|---|---|
| 001 | 5470 | ||
| 003 | CDMR | ||
| 005 | 20130116135309.0 | ||
| 008 | 130130s1994||||||||||||||||||||||||||||d | ||
| 040 |
_aCDMR _bcat _cCDMR |
||
| 245 | 0 | _aPresència catalana en el món | |
| 260 |
_aBarcelona _c1994 _bGeneralitat de Catalunya. Departament de Presidència. Comissionat per a Actuacions Exteriors |
||
| 942 | _cMON | ||
| 999 |
_c5470 _d5470 |
||